• 首页
  • 本馆介绍
  • 公告通知
  • 最新文献
  • 馆藏检索
  • 电子资源
  • 读者导购
  • 参考咨询
  • 我的图书馆
  • 登录
  • 详细信息显示
  • 放入我的书架
  • 预约/预借图书
  • 作者相关作品
  • 分类相关作品
  • 丛书相关作品
  • 出版社相关作品

书目信息

  • 表格格式
  • 工作单格式
  • 卡片格式
题名:
世界荒漠
    
 
作者: 彼得罗夫 著 ;胡孟春 , 李耀明 译
分册:  
出版信息: 北京   中国环境科学出版社  2010.6
页数: 325页
开本: 26cm
丛书名:
单 册:
中图分类: P941.73
科图分类:
主题词: 荒漠--研究--世界 , 荒漠
电子资源:
ISBN: 978-7-5111-0178-5
000 01184nam0 22002891 45
001 512
005 20120604093419.81
010    @a978-7-5111-0178-5@b精装@dCNY80.00
100    @a20120328d2010 em y0chiy0110 ea
101 1  @achi@crus
102    @aCN@b110000
105    @aa z 000yy
106    @ar
200 1  @a世界荒漠@AShi Jie Huang Mo@dDeserts of the world@fМ. П. 彼得罗夫著@FМ. П. Bi De Luo Fu Zhu@g胡孟春,李耀明译@zeng
210    @a北京@c中国环境科学出版社@d2010.6
215    @a325页@c图@d26cm
300    @a国际环境译丛
330    @a本书第一部分描述世界各大洲荒漠自然特征,进行特征比较,论述分类原则;第二部分阐述荒漠生境特征、沙流动与堆积的一般规律,研究风成地貌的成因、生境限制因子特征,以及动、植物适应特征;第三部分论述荒漠自然资源及其现代利用,以及干旱区研究对象及未来利用前景。
510 1  @aDeserts of the world@zeng
606 0  @a荒漠@x研究@y世界
606 0  @a荒漠
690    @aP941.73@v4
701  0 @c(俄罗斯)@a彼得罗夫@ABi De Luo Fu@c(Петров, Кирилл Михайлович)@4著
702  0 @a胡孟春@AHu Meng Chun@f(1949~)@4译
702  0 @a李耀明@ALi Yao Ming@4译
801  0 @aCN@bTSTCL@c20120328
905    @b0813328-34@dP941.73@e132@f7
    
    世界荒漠=Deserts of the world/М. П. 彼得罗夫著/胡孟春,李耀明译.-北京:中国环境科学出版社,2010.6
    325页:图;26cm
    国际环境译丛
    
    ISBN 978-7-5111-0178-5(精装):CNY80.00
    本书第一部分描述世界各大洲荒漠自然特征,进行特征比较,论述分类原则;第二部分阐述荒漠生境特征、沙流动与堆积的一般规律,研究风成地貌的成因、生境限制因子特征,以及动、植物适应特征;第三部分论述荒漠自然资源及其现代利用,以及干旱区研究对象及未来利用前景。
●
相关链接 在E读中查询图书 在五车中查询图书 在当当中查询图书 在豆瓣中查询图书


正题名:世界荒漠     索取号:P941.73/132         预约/预借

序号 登录号 条形码 馆藏地/架位号 状态 备注
1 0813328   208133287   第二样本阅览室/ [索取号:P941.73/132] 在馆    
2 0813329   208133296   第三借阅区/ [索取号:P941.73/132] 在馆    
3 0813330   208133303   第三借阅区/ [索取号:P941.73/132] 在馆    
4 0813331   208133312   第三借阅区/ [索取号:P941.73/132] 在馆    
5 0813332   208133321   第三借阅区/ [索取号:P941.73/132] 在馆    
6 0813333   208133330   第三借阅区/ [索取号:P941.73/132] 在馆    
7 0813334   208133349   第三借阅区/ [索取号:P941.73/132] 在馆    
唐山师范学院图书馆 欢迎您!
大连网信软件有限公司© 版权所有